000 00775nam a2200229Ia 4500
003 OSt
005 20220928150851.0
008 210716s2017 xx 000 0 und d
020 _a9781787123243
040 _cAIMIT LIBRARY
041 _aeng
082 _a005.448
_21
_bDASS
100 _aDas, Satyajit.
_958689
245 _aAWS networking cookbook :
_bpowerful recipes to master the pain points of optimizing your VPC /
_cBy Satyajit Das and Jhalak Modi.
250 _a1st ed.
260 _aMumbai ;
_bPackt Publishing Ltd ,
_c2017 .
300 _a347p ;
_bPB
_c23.5 cm.
650 _aConfiguring global scale infrastructure
_958690
650 _aWorking with infrastructure automation
_958691
700 _aModi, Jhalak.
_958692
942 _2ddc
_cBK
_e1st
_k005.448 DASS
999 _c196532
_d196532